இலங்கைச் சோனகர் பற்றிய கடந்தகால நிலைவுகள் (Record no. 2338)

MARC details
000 -LEADER
fixed length control field 009780000a22002410004500
003 - CONTROL NUMBER IDENTIFIER
control field LK-CoMWRAF
005 - DATE AND TIME OF LATEST TRANSACTION
control field 20240315100132.0
008 - FIXED-LENGTH DATA ELEMENTS--GENERAL INFORMATION
fixed length control field 230817t ||||| |||| 00| 0 eng d
040 ## - CATALOGING SOURCE
Original cataloging agency LK-CoMWRAF
Modifying agency LK-CoMWRAF
Description conventions LK-CoMWRAF
041 ## - LANGUAGE CODE
Language code of text/sound track or separate title Tamil
082 ## - DEWEY DECIMAL CLASSIFICATION NUMBER
Classification number 954.93
Item number MAR
942 ## - ADDED ENTRY ELEMENTS (KOHA)
Koha item type Books
100 ## - MAIN ENTRY--PERSONAL NAME
Personal name மரிக்கார், ஏ.ஐ.எல்.
Personal name (Transliterated) Marikar, A.I.L.
700 ## - ADDED ENTRY--PERSONAL NAME
Personal name லாபிர், ஏ.எல்.எம்
Personal name (Transliterated) Lafir, A. L. M
700 ## - ADDED ENTRY--PERSONAL NAME
Personal name மாக்கர், ஏ.எச். மாக்கன்
Personal name (Transliterated) Markar, A. H. Macan.
242 ## - TRANSLATION OF TITLE BY CATALOGING AGENCY
Title Glimpses from the past of the Moors of Sri Lanka
245 ## - TITLE STATEMENT
Title இலங்கைச் சோனகர் பற்றிய கடந்தகால நிலைவுகள்
246 ## - VARYING FORM OF TITLE
Title proper/short title Ilaṅkaic cōṉakar paṟṟiya kaṭantakāla nilaivukaḷ
260 ## - PUBLICATION, DISTRIBUTION, ETC. (IMPRINT)
Place of publication, distribution, etc. Colombo:
Name of publisher, distributor, etc. Moors Islamic Cultural Home,
Date of publication, distribution, etc. [1976]
300 ## - PHYSICAL DESCRIPTION
Extent 270 p.
650 ## - SUBJECT ADDED ENTRY--TOPICAL TERM
Topical term or geographic name as entry element Muslims -- Sri Lanka -- History
650 ## - SUBJECT ADDED ENTRY--TOPICAL TERM
Topical term or geographic name as entry element Sri Lanka -- History
Holdings
Withdrawn status Lost status Damaged status Not for loan Permanent Location Current Location Date acquired Full call number Barcode Koha item type
        Resource center, Muslim Women's Research And Action Forum Resource center, Muslim Women's Research And Action Forum 2023-08-17 954.93 MAR RAF5045 Books

Copyright © 2023 Muslim Women's Research and Action Forum (MWRAF), No 27/3, Anderson Road, Kalubowila, Dehiwela. Funded by The Asia Fundation